000 00772nam a2200289Ia 4500
005 20260324131554.0
008 008 260324s9999 xx 000 0 eng d
020 _a9781003192282
037 _aEBOOK
040 _aCRL
040 _beng
040 _cCRL
041 _2eng
041 _aeng
084 _qCRL
100 _aRichard Gaunt; Michael Partridge; Nancy LoPatin-Lummis
_91186005
245 0 _aLives of Victorian Political Figures, Part I, Volume 4
245 0 _bPalmerston, Disraeli and Gladstone by their Contemporaries
260 _bTaylor and Francis
260 _c2006
365 _a
365 _b150
856 _uhttp://www.taylorfrancis.com/books/9781003192282
942 _cEBOOK
999 _c1783301
_d1783301